000 00953cab a2200229 4500
001 WB3130-19
008 090401t1995 xxu||||| |||| 00| 0 eng d
035 _a(Sirsi) u45926
041 _aeng
245 _aABCE to publish recommendations
260 _c1995
350 _a0
490 _aFinancial Times
_v2 August 1995, 24(2)
520 _aAn interview with Derek Wanless head of the government`s Advisory Committee on Business and the Environment. Discusses its latest recommendations to government which include more environmental reporting by companies and more effort by businesses to absorb the full cost of their activities` impact on the environment.
650 _aADVISORY COMMITTEE ON BUSINESS AND THE ENVIRONMENT
650 _aCOST BENEFIT ANALYSIS
650 _aENVIRONMENTAL AGENCY FOR ENGLAND AND WALES
650 _aENVIRONMENTAL ISSUES
690 _aENVIRONMENTAL AND LAND CONSULTANCY
942 _n0
948 _c04/03/1997
999 _c29058
_d29058